Statistics for French Landmarks Map Quiz

Click here to take the quiz!

General Stats

  • This quiz has been taken 183 times
  • The average score is 10 of 20

Answers on the Map

Answers color-coded by a green-red scale on the quiz's map according to % correct below.
 

Answer Stats

Answer% Correct
Eiffel Tower
89%
Channel Tunnel
79%
Palace of Versailles
79%
Mont Blanc
77%
Mont-Saint Michel
70%
Omaha Beach
60%
Cité de Carcassonne
59%
Promenade des Anglais
48%
Château de Chambord
46%
Palais des Papes
44%
Dune of Pilat
42%
Lascaux
37%
Millau Viaduct
37%
Carnac Stones
36%
Sanctuary of Our Lady of Lourdes
34%
Notre-Dame de la Garde
31%
Place Stanislas
30%
Puy de Dôme
30%
Abbey of Fontenay
27%
Machines of the Isle
27%

Score Distribution

Percentile by Number Answered

Percent of People with Each Score

Your Score History

You have not taken this quiz